[Event "Bundesliga 2425"]
[Site "Germany"]
[Date "2024.12.01"]
[Round "4.2"]
[White "Areshchenko, Alexander"]
[Black "Aravindh, Chithambaram VR"]
[Result "0-1"]
[WhiteElo "2613"]
[BlackElo "2698"]
[PlyCount "176"]
[EventDate "2024.09.28"]
[EventType "team-tourn"]
[EventRounds "15"]
[EventCountry "GER"]
[SourceTitle "CB49_2024"]
[SourceDate "2024.12.04"]
[SourceVersion "1"]
[SourceVersionDate "2024.12.04"]
[SourceQuality "1"]
[WhiteTeam "Werder Bremen"]
[BlackTeam "Viernheim"]
[WhiteTeamCountry "GER"]
[BlackTeamCountry "GER"]

1. e4 e5 2. Nf3 Nc6 3. Bb5 Nge7 4. 0-0 Ng6 5. c3 a6 6. Ba4 d5 7. exd5 Qxd5 8. d4 Bg4 9. dxe5 Qxd1 10. Bxd1 Bxf3 11. Bxf3 Ngxe5 12. Be4 0-0-0 13. Nd2 Bc5 14. Nb3 Bb6 15. Bf4 Nc4 16. Rab1 Rhe8 17. Bf3 f5 18. a4 N6e5 19. Bxe5 Rxe5 20. g3 c6 21. Kg2 g6 22. h3 Kc7 23. g4 a5 24. gxf5 Rxf5 25. Bg4 Rf6 26. Be2 Nd2 27. Nxd2 Rxd2 28. Bf3 Rf4 29. b4 Rd3 30. Bg4 h5 31. Be6 Rf6 32. bxa5 Bxa5 33. Bb3 Rxc3 34. Bd1 Rc4 35. Rb3 Bb6 36. Rf3 Rxf3 37. Kxf3 g5 38. Ke2 Re4+ 39. Kd2 Rf4 40. Bxh5 Rxa4 41. f3 Bc5 42. Kc2 b5 43. Re1 Bd6 44. Re6 Rc4+ 45. Kb3 Rd4 46. Rg6 Bf4 47. Rg7+ Kb6 48. Rg6 Rd3+ 49. Kc2 Rd2+ 50. Kb3 Rd5 51. Re6 Bd6 52. Bg6 Bf4 53. Be4 Rd6 54. Re8 Rh6 55. Bf5 c5 56. Kc3 Bg3 57. Rg8 Be5+ 58. Kb3 Bf4 59. Re8 Rf6 60. Be4 Rf7 61. Rc8 c4+ 62. Kc3 Rd7 63. Rc6+ Ka5 64. Rc8 Be5+ 65. Kc2 Kb4 66. Rf8 Ra7 67. Rf5 Ra2+ 68. Kb1 Ra1+ 69. Kc2 Ra2+ 70. Kb1 Rb2+ 71. Kc1 Bd4 72. Bc6 Ka5 73. Rd5 Bc3 74. Rxg5 Bd2+ 75. Kxb2 Bxg5 76. Be8 b4 77. Bf7 Bf6+ 78. Kb1 Kb5 79. f4 b3 80. Be6 Kb4 81. Bg4 c3 82. Bf5 Bh4 83. Be4 Kc4 84. Bh7 Bg3 85. Bg8+ Kb4 86. Bh7 Bxf4 87. h4 Kc5 88. h5 Kd4 0-1

[Event "Bundesliga 2425"]
[Site "Germany"]
[Date "2024.11.30"]
[Round "3.2"]
[White "Polak, Tomas"]
[Black "Areshchenko, Alexander"]
[Result "0-1"]
[WhiteElo "2472"]
[BlackElo "2613"]
[PlyCount "62"]
[EventDate "2024.09.28"]
[EventType "team-tourn"]
[EventRounds "15"]
[EventCountry "GER"]
[SourceTitle "CB49_2024"]
[SourceDate "2024.12.04"]
[SourceVersion "1"]
[SourceVersionDate "2024.12.04"]
[SourceQuality "1"]
[WhiteTeam "Heimbach Weis Neuwied"]
[BlackTeam "Werder Bremen"]
[WhiteTeamCountry "GER"]
[BlackTeamCountry "GER"]

1. d4 Nf6 2. c4 g6 3. Nc3 d5 4. cxd5 Nxd5 5. e4 Nxc3 6. bxc3 Bg7 7. Be3 c5 8. Rc1 Qa5 9. Qd2 cxd4 10. cxd4 Qxd2+ 11. Bxd2 0-0 12. Nf3 Bg4 13. Be3 Nc6 14. d5 Bxf3 15. gxf3 Nd4 16. Bh3 f5 17. Rc7 Nxf3+ 18. Ke2 Nd4+ 19. Kd3 fxe4+ 20. Kxe4 Nf5 21. Bxf5 gxf5+ 22. Kf3 Bf6 23. Rxb7 Rfd8 24. Rd1 a5 25. Kf4 a4 26. Kxf5 Ra5 27. Ke4 a3 28. Rd3 Ra4+ 29. Kf3 Rh4 30. Bf4 e5 31. Bxe5 Bxe5 0-1

[Event "Bundesliga 2425"]
[Site "Germany"]
[Date "2024.10.06"]
[Round "2.6"]
[White "Areshchenko, Alexander"]
[Black "Rakotomaharo, Fy Antenaina"]
[Result "1/2-1/2"]
[WhiteElo "2613"]
[BlackElo "2440"]
[PlyCount "45"]
[EventDate "2024.09.28"]
[EventType "team-tourn"]
[EventRounds "15"]
[EventCountry "GER"]
[SourceTitle "EXT 2025"]
[Source "ChessBase"]
[SourceDate "2024.10.14"]
[SourceVersion "1"]
[SourceVersionDate "2024.10.14"]
[SourceQuality "1"]
[WhiteTeam "Werder Bremen"]
[BlackTeam "Bad Mergentheim"]
[WhiteTeamCountry "GER"]
[BlackTeamCountry "GER"]

1. e4 e5 2. Nf3 Nc6 3. Bb5 a6 4. Ba4 d6 5. 0-0 Bd7 6. c3 Nge7 7. d4 Ng6 8. Re1 Be7 9. Be3 0-0 10. Nbd2 exd4 11. cxd4 d5 12. e5 Kh8 13. Rc1 f6 14. Bc2 f5 15. Nb3 f4 16. Bd2 Bg4 17. h3 Bh5 18. Bd3 Nb4 19. Bb1 Nh4 20. Kh2 a5 21. Bc3 Nxf3+ 22. gxf3 a4 23. Nd2 1/2-1/2

[Event "Bundesliga 2324"]
[Site "Germany"]
[Date "2023.12.02"]
[Round "3.7"]
[White "Areshchenko, Alexander"]
[Black "Warmerdam, Max"]
[Result "0-1"]
[WhiteElo "2625"]
[BlackElo "2636"]
[PlyCount "114"]
[EventDate "2023.10.21"]
[EventType "team-tourn"]
[EventRounds "15"]
[EventCountry "GER"]
[SourceTitle "CBM 217 Extra"]
[Source "ChessBase"]
[SourceDate "2024.01.31"]
[SourceVersion "1"]
[SourceVersionDate "2024.01.31"]
[SourceQuality "1"]
[WhiteTeam "Werder Bremen"]
[BlackTeam "Solingen"]
[WhiteTeamCountry "GER"]
[BlackTeamCountry "GER"]

1. e4 e5 2. Nf3 Nc6 3. Bb5 a6 4. Ba4 Nf6 5. 0-0 Be7 6. d3 b5 7. Bb3 d6 8. a3 a5 9. Nc3 a4 10. Ba2 Rb8 11. Bg5 0-0 12. h3 h6 13. Bxf6 Bxf6 14. Nd5 Be6 15. c4 bxc4 16. Bxc4 Na5 17. Qxa4 Nxc4 18. Qxc4 Rxb2 19. a4 Bxd5 20. Qxd5 Qa8 21. Qc4 Qa7 22. Rab1 Rfb8 23. Rxb2 Rxb2 24. h4 h5 25. Qc6 g6 26. d4 Kg7 27. dxe5 dxe5 28. Qd5 Qa6 29. a5 Qxa5 30. Nxe5 Qa2 31. Qxa2 Rxa2 32. Nf3 Bc3 33. Rd1 Ba5 34. Kf1 Kf6 35. Nd4 Bb6 36. Ne2 Ke5 37. f3 Be3 38. Ke1 c5 39. g3 c4 40. Rd5+ Kf6 41. Rd6+ Ke7 42. Rd1 Rb2 43. g4 g5 44. Nc3 Bf2+ 45. Kf1 hxg4 46. fxg4 gxh4 47. Rc1 Ba7 48. Nd5+ Kd6 49. Rc3 Rf2+ 50. Ke1 Rg2 51. Rf3 Bd4 52. Nf4 Rg1+ 53. Kd2 Rxg4 54. Ne2 Be5 55. Rxf7 h3 56. Ke3 h2 57. Rf1 Rh4 0-1

[Event "POL Superleague Rapid"]
[Site "Poland"]
[Date "2023.06.07"]
[Round "10.2"]
[White "Moranda, Wojciech"]
[Black "Areshchenko, Alexander"]
[Result "1-0"]
[WhiteElo "2589"]
[BlackElo "2627"]
[PlyCount "129"]
[EventDate "2023.04.04"]
[EventType "team-tourn (rapid)"]
[EventRounds "14"]
[EventCountry "POL"]
[SourceTitle "EXT 2024"]
[Source "ChessBase"]
[SourceDate "2023.10.10"]
[SourceVersion "1"]
[SourceVersionDate "2023.10.10"]
[SourceQuality "1"]
[WhiteTeam "Pegow Wieza"]
[BlackTeam "Katowice Wasko"]
[WhiteTeamCountry "POL"]
[BlackTeamCountry "POL"]

1. d4 Nf6 2. c4 g6 3. Nc3 d5 4. Nf3 Bg7 5. Bf4 0-0 6. Rc1 dxc4 7. e3 c5 8. Bxc4 cxd4 9. Nxd4 Nbd7 10. Bg3 Nc5 11. 0-0 Bd7 12. b4 Nce4 13. Nxe4 Nxe4 14. Bc7 Qe8 15. Bd5 Ba4 16. Qd3 e5 17. Qxe4 exd4 18. exd4 Qxe4 19. Bxe4 Rae8 20. Bxb7 Re2 21. Be5 Bxe5 22. dxe5 Rb8 23. Bd5 Rxe5 24. Rc5 Rb5 25. Rxb5 Bxb5 26. Rd1 Ba4 27. f4 Re2 28. Rd4 Kf8 29. h4 h5 30. Kh2 Rb2 31. Kg3 Ke7 32. Re4+ Kf6 33. Rd4 Ke7 34. Rc4 Bd7 35. Rc7 Kd6 36. Rxa7 Rxb4 37. Bxf7 Bc6 38. Ra6 Kc7 39. Bxg6 Rb2 40. Rxc6+ Kxc6 41. Bxh5 Rxa2 42. Bg6 Kd6 43. h5 Ke6 44. h6 Kf6 45. h7 Kg7 46. Kf3 Ra3+ 47. Kg4 Ra2 48. g3 Ra6 49. Bf5 Ra5 50. Kg5 Rb5 51. g4 Ra5 52. Kh4 Ra4 53. Kg3 Ra3+ 54. Kf2 Ra2+ 55. Ke3 Ra3+ 56. Bd3 Rb3 57. g5 Ra3 58. g6 Rb3 59. f5 Rb8 60. Kf4 Rd8 61. Be4 Rc8 62. Kg5 Rc5 63. Kf4 Rc8 64. Bd5 Kf6 65. Bg8 1-0

[Event "Bundesliga 2223"]
[Site "Germany"]
[Date "2023.04.29"]
[Round "14.2"]
[White "Teclaf, Pawel"]
[Black "Areshchenko, Alexander"]
[Result "1/2-1/2"]
[WhiteElo "2551"]
[BlackElo "2632"]
[PlyCount "59"]
[EventDate "2022.10.21"]
[EventType "team-tourn"]
[EventRounds "15"]
[EventCountry "GER"]
[SourceTitle "CBM 213 Extra"]
[Source "ChessBase"]
[SourceDate "2023.05.31"]
[SourceVersion "1"]
[SourceVersionDate "2023.05.31"]
[SourceQuality "1"]
[WhiteTeam "Kiel Turm"]
[BlackTeam "Werder Bremen"]
[WhiteTeamCountry "GER"]
[BlackTeamCountry "GER"]

1. Nf3 c5 2. c4 Nc6 3. Nc3 Nf6 4. g3 d5 5. cxd5 Nxd5 6. Bg2 g6 7. Qb3 e6 8. Ne4 Qb6 9. Qc4 Bd7 10. b3 f5 11. Nc3 Bg7 12. Bb2 Nxc3 13. dxc3 Ne5 14. Nxe5 Bxe5 15. 0-0-0 Bb5 16. Qh4 0-0 17. c4 Bxb2+ 18. Kxb2 Bc6 19. Bxc6 Qxc6 20. Qe7 Rae8 21. Qd6 Qxd6 22. Rxd6 Re7 23. Rhd1 Kf7 24. a4 g5 25. a5 a6 26. Kc3 h5 27. b4 cxb4+ 28. Kxb4 h4 29. gxh4 Rh8 30. hxg5 1/2-1/2

[Event "Bundesliga 2223"]
[Site "Germany"]
[Date "2023.04.01"]
[Round "12.7"]
[White "Areshchenko, Alexander"]
[Black "Delchev, Aleksander"]
[Result "1/2-1/2"]
[WhiteElo "2632"]
[BlackElo "2503"]
[PlyCount "79"]
[EventDate "2022.10.21"]
[EventType "team-tourn"]
[EventRounds "15"]
[EventCountry "GER"]
[SourceTitle "CBM 213 Extra"]
[Source "ChessBase"]
[SourceDate "2023.05.31"]
[SourceVersion "1"]
[SourceVersionDate "2023.05.31"]
[SourceQuality "1"]
[WhiteTeam "Werder Bremen"]
[BlackTeam "Deggendorf"]
[WhiteTeamCountry "GER"]
[BlackTeamCountry "GER"]

1. e4 c5 2. Nf3 e6 3. d4 cxd4 4. Nxd4 Nf6 5. Nc3 Nc6 6. Ndb5 Bb4 7. a3 Bxc3+ 8. Nxc3 d5 9. Bd3 dxe4 10. Nxe4 Nxe4 11. Bxe4 Qxd1+ 12. Kxd1 Bd7 13. f3 0-0-0 14. Be3 Ne5 15. Bxa7 f5 16. Bd3 Bb5 17. Rc1 Rd6 18. Ke2 Nxd3 19. cxd3+ Kd7 20. Bc5 Bxd3+ 21. Ke3 Rd5 22. Rhd1 Bc4 23. Bd4 b5 24. Be5 Rxd1 25. Rxd1+ Bd5 26. h4 Rc8 27. Kf4 Rc2 28. Rg1 g6 29. Kg5 Ke7 30. Kh6 Re2 31. Bc3 e5 32. Kxh7 Kf7 33. Kh6 e4 34. fxe4 Bxe4 35. g4 Rh2 36. Kg5 fxg4 37. Rxg4 Rg2 38. Rxg2 Bxg2 39. Kf4 Ke6 40. b3 1/2-1/2

[Event "Bundesliga 2223"]
[Site "Germany"]
[Date "2022.10.21"]
[Round "7.2"]
[White "Areshchenko, Alexander"]
[Black "Brkic, Ante"]
[Result "1/2-1/2"]
[WhiteElo "2632"]
[BlackElo "2602"]
[PlyCount "41"]
[EventDate "2022.10.21"]
[EventType "team-tourn"]
[EventRounds "15"]
[EventCountry "GER"]
[SourceTitle "CBM 211"]
[Source "ChessBase"]
[SourceDate "2022.12.31"]
[SourceVersion "1"]
[SourceVersionDate "2022.12.31"]
[SourceQuality "1"]
[WhiteTeam "Werder Bremen"]
[BlackTeam "Kirchweyhe"]
[WhiteTeamCountry "GER"]
[BlackTeamCountry "GER"]

1. e4 c5 2. Nf3 d6 3. d4 cxd4 4. Nxd4 Nf6 5. Nc3 a6 6. Be2 e5 7. Nb3 Be7 8. 0-0 0-0 9. Be3 Be6 10. Re1 Nbd7 11. a4 Qc7 12. a5 Rfc8 13. Qd3 h6 14. Rec1 Nc5 15. Nxc5 dxc5 16. Qd1 c4 17. Na4 Nxe4 18. Nb6 Rd8 19. Qf1 Rab8 20. Bxc4 Bxc4 21. Qxc4 1/2-1/2

[Event "POL-chT Ekstraliga"]
[Site "Bydgoszcz"]
[Date "2022.09.07"]
[Round "5.4"]
[White "Areshchenko, Alexander"]
[Black "Leniart, Arkadiusz"]
[Result "1/2-1/2"]
[WhiteElo "2649"]
[BlackElo "2479"]
[PlyCount "79"]
[EventDate "2022.09.03"]
[EventType "team-tourn"]
[EventRounds "9"]
[EventCountry "POL"]
[SourceTitle "CBM 210 Extra"]
[Source "ChessBase"]
[SourceDate "2022.11.30"]
[SourceVersion "1"]
[SourceVersionDate "2022.11.30"]
[SourceQuality "1"]
[WhiteTeam "Katowice Wasko"]
[BlackTeam "Krakow Dwie Wieze"]
[WhiteTeamCountry "POL"]
[BlackTeamCountry "POL"]

1. e4 e5 2. Nf3 Nc6 3. Bb5 Nf6 4. d3 Bc5 5. Bxc6 dxc6 6. Nbd2 Nd7 7. Qe2 f6 8. Nc4 Nb6 9. Na5 Bb4+ 10. Bd2 Qd6 11. 0-0 Bxa5 12. Bxa5 Bg4 13. a4 Nd7 14. Qe3 Nf8 15. Nd2 Ne6 16. Nc4 Qd7 17. Bc3 Bh5 18. f3 Bf7 19. Rfd1 c5 20. Qf2 0-0 21. Ne3 Nd4 22. Kh1 Rae8 23. b4 b6 24. bxc5 bxc5 25. Bb2 Rb8 26. Ba3 Qc6 27. Qd2 Rfd8 28. Qc3 c4 29. dxc4 a6 30. Rd3 Rd7 31. a5 Be6 32. Rad1 Qa4 33. Bc5 Rbd8 34. h3 Ne2 35. Qe1 Nf4 36. Rxd7 Rxd7 37. Rxd7 Qxd7 38. h4 h5 39. Nd5 Qa4 40. Nxf4 1/2-1/2

[Event "Ustron op-A"]
[Site "Ustron"]
[Date "2022.08.19"]
[Round "8"]
[White "Galperin, Platon"]
[Black "Areshchenko, Alexander"]
[Result "1/2-1/2"]
[WhiteElo "2506"]
[BlackElo "2671"]
[PlyCount "26"]
[EventDate "2022.08.12"]
[EventType "swiss"]
[EventRounds "9"]
[EventCountry "POL"]
[SourceTitle "CBM 210 Extra"]
[Source "ChessBase"]
[SourceDate "2022.11.30"]
[SourceVersion "1"]
[SourceVersionDate "2022.11.30"]
[SourceQuality "1"]

1. d4 Nf6 2. c4 g6 3. Nc3 d5 4. cxd5 Nxd5 5. e4 Nxc3 6. bxc3 Bg7 7. Nf3 c5 8. Bb5+ Nc6 9. 0-0 0-0 10. Bxc6 bxc6 11. Qc2 cxd4 12. cxd4 Bg4 13. Ne5 Qxd4 1/2-1/2

[Event "Ustron op-A"]
[Site "Ustron"]
[Date "2022.08.16"]
[Round "5"]
[White "Areshchenko, Alexander"]
[Black "Zylka, Stanislaw"]
[Result "1/2-1/2"]
[WhiteElo "2671"]
[BlackElo "2391"]
[PlyCount "71"]
[EventDate "2022.08.12"]
[EventType "swiss"]
[EventRounds "9"]
[EventCountry "POL"]
[SourceTitle "CBM 210 Extra"]
[Source "ChessBase"]
[SourceDate "2022.11.30"]
[SourceVersion "1"]
[SourceVersionDate "2022.11.30"]
[SourceQuality "1"]

1. e4 c5 2. Nf3 d6 3. d4 cxd4 4. Nxd4 Nf6 5. Nc3 a6 6. Be3 e5 7. Nb3 Be6 8. h3 Be7 9. Qf3 b5 10. g4 Qc7 11. 0-0-0 h6 12. Nd5 Bxd5 13. exd5 Nbd7 14. Kb1 Rc8 15. Bd3 g6 16. Qg2 Nb6 17. Bxb6 Qxb6 18. h4 h5 19. g5 Ng4 20. Rhf1 a5 21. Nd2 a4 22. Ne4 Kf8 23. f4 a3 24. fxe5 Nxe5 25. Qf2 Qxf2 26. Rxf2 b4 27. Rf4 Kg7 28. b3 Rc7 29. Rdf1 Ra8 30. Bb5 Rac8 31. Bc6 Kg8 32. R1f2 Nxc6 33. dxc6 d5 34. Nf6+ Bxf6 35. gxf6 Re8 36. Kc1 1/2-1/2

[Event "Bundesliga 2122"]
[Site "Germany"]
[Date "2022.05.28"]
[Round "9.2"]
[White "Areshchenko, Alexander"]
[Black "Ragger, Markus"]
[Result "1/2-1/2"]
[WhiteElo "2670"]
[BlackElo "2647"]
[PlyCount "99"]
[EventDate "2022.03.05"]
[EventType "team-tourn"]
[EventRounds "15"]
[EventCountry "GER"]
[SourceTitle "EXT 2023"]
[Source "ChessBase"]
[SourceDate "2022.10.05"]
[SourceVersion "1"]
[SourceVersionDate "2022.10.05"]
[SourceQuality "1"]
[WhiteTeam "Werder Bremen"]
[BlackTeam "Solingen"]
[WhiteTeamCountry "GER"]
[BlackTeamCountry "GER"]

1. d4 d5 2. c4 c6 3. Nf3 Nf6 4. e3 Bf5 5. Nc3 e6 6. Nh4 Be4 7. f3 Bg6 8. Qb3 Qc7 9. cxd5 cxd5 10. Bd2 Nc6 11. 0-0-0 Be7 12. Nxg6 hxg6 13. Kb1 a6 14. Rc1 0-0 15. g4 Na5 16. Qd1 Nc4 17. g5 Nd7 18. Bxc4 Qxc4 19. Be1 Rfc8 20. h4 b5 21. Ne2 Qa4 22. Qxa4 Rxc1+ 23. Nxc1 bxa4 24. Ba5 Rc8 25. Nd3 Kf8 26. f4 Bd6 27. h5 gxh5 28. Rxh5 Rb8 29. Rh1 Ke7 30. Rc1 Nb6 31. Bxb6 Rxb6 32. Rc8 a3 33. b3 Kd7 34. Rc1 a5 35. Kc2 Rc6+ 36. Kd1 Rxc1+ 37. Kxc1 g6 38. Kc2 Bb4 39. Ne5+ Ke7 40. Kd3 Ke8 41. Ke2 Ke7 42. Kf3 Bc3 43. Ng4 Kf8 44. Ke2 Ke7 45. Kd3 Bb4 46. e4 Be1 47. Ke3 Bc3 48. Ne5 Be1 49. Nd3 Bc3 50. Ne5 1/2-1/2

[Event "Bundesliga 2122"]
[Site "Germany"]
[Date "2022.05.15"]
[Round "8.1"]
[White "Niemann, Hans Moke"]
[Black "Areshchenko, Alexander"]
[Result "1-0"]
[WhiteElo "2642"]
[BlackElo "2670"]
[PlyCount "85"]
[EventDate "2022.03.05"]
[EventType "team-tourn"]
[EventRounds "15"]
[EventCountry "GER"]
[SourceTitle "EXT 2023"]
[Source "ChessBase"]
[SourceDate "2022.10.05"]
[SourceVersion "1"]
[SourceVersionDate "2022.10.05"]
[SourceQuality "1"]
[WhiteTeam "Kiel Turm"]
[BlackTeam "Werder Bremen"]
[WhiteTeamCountry "GER"]
[BlackTeamCountry "GER"]

1. e4 c5 2. Nf3 d6 3. Bb5+ Nd7 4. 0-0 a6 5. Bd3 Ngf6 6. Re1 e6 7. Bf1 b5 8. a4 Bb7 9. d4 cxd4 10. axb5 axb5 11. Rxa8 Qxa8 12. Nxd4 b4 13. Nb5 Qb8 14. Bf4 e5 15. Bd2 Bc6 16. Qe2 Nxe4 17. Bxb4 Be7 18. N1c3 Nxc3 19. bxc3 0-0 20. Nd4 exd4 21. Qxe7 dxc3 22. Bxd6 Qa8 23. Bc4 h6 24. Qe3 Qa4 25. Qf4 Qxc2 26. Bxf8 Qg6 27. Qg3 Nxf8 28. Qxg6 Nxg6 29. Rc1 Nf4 30. f3 Nd5 31. Bxd5 Bxd5 32. Rxc3 g5 33. Kf2 Kg7 34. Ke3 Kf6 35. Kd4 Be6 36. Rc5 Bb3 37. Ke4 Be6 38. Rc6 Ke7 39. Ke5 f6+ 40. Kd4 h5 41. Rc7+ Kd8 42. Rh7 h4 43. f4 1-0

[Event "Bundesliga 2122"]
[Site "Germany"]
[Date "2022.05.01"]
[Round "6.7"]
[White "Areshchenko, Alexander"]
[Black "Nagy, Gabor"]
[Result "1-0"]
[WhiteElo "2670"]
[BlackElo "2507"]
[PlyCount "113"]
[EventDate "2022.03.05"]
[EventType "team-tourn"]
[EventRounds "15"]
[EventCountry "GER"]
[SourceTitle "EXT 2023"]
[Source "ChessBase"]
[SourceDate "2022.10.05"]
[SourceVersion "1"]
[SourceVersionDate "2022.10.05"]
[SourceQuality "1"]
[WhiteTeam "Werder Bremen"]
[BlackTeam "Aachen"]
[WhiteTeamCountry "GER"]
[BlackTeamCountry "GER"]

1. e4 c5 2. Nf3 d6 3. d4 cxd4 4. Nxd4 Nf6 5. Nc3 Nc6 6. Bg5 Bd7 7. Qd2 a6 8. 0-0-0 e6 9. f4 Be7 10. Nf3 b5 11. Bxf6 gxf6 12. Kb1 Qb6 13. f5 0-0-0 14. g3 Kb8 15. fxe6 fxe6 16. Bh3 Na5 17. Nd4 b4 18. Nce2 e5 19. Nf5 Bxf5 20. Bxf5 d5 21. exd5 Nc4 22. Qd3 Ne3 23. Qe4 Qc5 24. Nc1 Nxd1 25. Rxd1 Rd6 26. Be6 h5 27. Nd3 Qb5 28. Rc1 Rhd8 29. Qh7 Bf8 30. Qxh5 Qc4 31. Qf5 Bg7 32. Re1 a5 33. Re4 Qc7 34. h4 Qb6 35. Re1 Ka7 36. h5 Qc7 37. Re4 Rb6 38. b3 Bf8 39. Qxf6 Rxd5 40. Rc4 Qd6 41. Qf7+ Rb7 42. Qf2+ Rd4 43. Nxe5 Qxe5 44. Qxd4+ Qxd4 45. Rxd4 Bg7 46. Rd1 Re7 47. Bf5 Bh6 48. g4 Re2 49. a3 Bg5 50. Ka2 Rh2 51. axb4 axb4 52. Rd4 Bf6 53. Rxb4 Rh1 54. Ra4+ Kb6 55. Ka3 Bc3 56. b4 Rb1 57. h6 1-0

[Event "Bundesliga 2122"]
[Site "Germany"]
[Date "2022.04.10"]
[Round "4.1"]
[White "Areshchenko, Alexander"]
[Black "Bartel, Mateusz"]
[Result "1-0"]
[WhiteElo "2670"]
[BlackElo "2616"]
[PlyCount "65"]
[EventDate "2022.03.05"]
[EventType "team-tourn"]
[EventRounds "15"]
[EventCountry "GER"]
[SourceTitle "EXT 2023"]
[Source "ChessBase"]
[SourceDate "2022.10.05"]
[SourceVersion "1"]
[SourceVersionDate "2022.10.05"]
[SourceQuality "1"]
[WhiteTeam "Werder Bremen"]
[BlackTeam "Dresden TU"]
[WhiteTeamCountry "GER"]
[BlackTeamCountry "GER"]

1. e4 c6 2. d4 d5 3. e5 c5 4. Nf3 cxd4 5. Nxd4 Nc6 6. Nxc6 bxc6 7. Bd3 Qc7 8. Qe2 e6 9. Nd2 Ne7 10. Nf3 c5 11. c3 Nc6 12. 0-0 Be7 13. Re1 h6 14. h4 Rb8 15. h5 Qa5 16. Nh2 Kd7 17. Qg4 Bb7 18. Nf3 g5 19. hxg6 fxg6 20. Bxg6 h5 21. Qh3 Qa4 22. b4 Rbg8 23. Bf7 Nd8 24. Bxg8 Rxg8 25. bxc5 d4 26. cxd4 Rg4 27. Rb1 Bd5 28. Rb3 Nc6 29. Be3 Kc7 30. Reb1 Na5 31. Rb8 Qc2 32. Qxh5 Qe4 33. Qf7 1-0

[Event "EU-ch 22nd"]
[Site "Terme Catez"]
[Date "2022.04.05"]
[Round "10"]
[White "Areshchenko, Alexander"]
[Black "Mchedlishvili, Mikheil"]
[Result "1/2-1/2"]
[WhiteElo "2670"]
[BlackElo "2584"]
[PlyCount "37"]
[EventDate "2022.03.27"]
[EventType "swiss"]
[EventRounds "11"]
[EventCountry "SLO"]
[SourceTitle "CBM 208"]
[Source "ChessBase"]
[SourceDate "2022.06.30"]
[SourceVersion "1"]
[SourceVersionDate "2022.06.30"]
[SourceQuality "1"]

1. e4 c5 2. Nf3 d6 3. Bb5+ Bd7 4. Bxd7+ Nxd7 5. 0-0 Ngf6 6. Qe2 e6 7. c3 Be7 8. d4 0-0 9. Rd1 cxd4 10. cxd4 b5 11. Nbd2 Qb6 12. Nf1 Rfc8 13. Bf4 a6 14. Ng3 Rc7 15. d5 exd5 16. exd5 Bf8 17. Nd4 Re8 18. Qf3 Ne5 19. Bxe5 1/2-1/2

[Event "EU-ch 22nd"]
[Site "Terme Catez"]
[Date "2022.04.04"]
[Round "9"]
[White "Areshchenko, Alexander"]
[Black "Moroni, Luca Jr"]
[Result "1/2-1/2"]
[WhiteElo "2670"]
[BlackElo "2588"]
[PlyCount "80"]
[EventDate "2022.03.27"]
[EventType "swiss"]
[EventRounds "11"]
[EventCountry "SLO"]
[SourceTitle "CBM 208"]
[Source "ChessBase"]
[SourceDate "2022.06.30"]
[SourceVersion "1"]
[SourceVersionDate "2022.06.30"]
[SourceQuality "1"]

1. e4 e5 2. Nf3 Nc6 3. Bb5 a6 4. Ba4 Nf6 5. 0-0 Nxe4 6. d4 Be7 7. Re1 b5 8. Rxe4 d5 9. Nxe5 Nxe5 10. Rxe5 bxa4 11. Qe2 Be6 12. f4 g6 13. Nc3 a3 14. b3 0-0 15. Na4 Bb4 16. c3 Bd6 17. Nc5 Bf5 18. Rxd5 Re8 19. Re5 Bxc5 20. dxc5 f6 21. Rxe8+ Qxe8 22. Qxe8+ Rxe8 23. Kf2 Rd8 24. Be3 Rd3 25. Rc1 Kf7 26. c4 c6 27. b4 Be6 28. h3 h5 29. Kf3 Rd8 30. Ke2 Rd7 31. Bf2 Rd8 32. Ke3 Bf5 33. Rc3 Re8+ 34. Kd2 Rd8+ 35. Ke2 Be6 36. b5 axb5 37. cxb5 Bxa2 38. b6 Ra8 39. b7 Rb8 40. Rxa3 Bc4+ 1/2-1/2

[Event "EU-ch 22nd"]
[Site "Terme Catez"]
[Date "2022.03.29"]
[Round "3"]
[White "Areshchenko, Alexander"]
[Black "Gagunashvili, Merab"]
[Result "1/2-1/2"]
[WhiteElo "2670"]
[BlackElo "2575"]
[PlyCount "65"]
[EventDate "2022.03.27"]
[EventType "swiss"]
[EventRounds "11"]
[EventCountry "SLO"]
[SourceTitle "CBM 208"]
[Source "ChessBase"]
[SourceDate "2022.06.30"]
[SourceVersion "1"]
[SourceVersionDate "2022.06.30"]
[SourceQuality "1"]

1. e4 e5 2. Nf3 Nc6 3. Bc4 Bc5 4. c3 Nf6 5. d4 exd4 6. e5 d5 7. Bb5 Ne4 8. cxd4 Bb6 9. Nc3 0-0 10. Be3 Bg4 11. h3 Bh5 12. Qc2 Nxc3 13. bxc3 f6 14. exf6 Qxf6 15. Be2 Bxf3 16. Bxf3 Ne7 17. 0-0 c6 18. Rae1 Bc7 19. Bg4 Rae8 20. Bc1 Nc8 21. g3 Nb6 22. h4 Qf7 23. Ba3 Rxe1 24. Rxe1 Re8 25. Rxe8+ Qxe8 26. Bf5 g6 27. Bd3 Nc4 28. Bc1 Nd6 29. h5 Qe1+ 30. Kg2 Ne4 31. Bxe4 Qxe4+ 32. Qxe4 dxe4 33. hxg6 1/2-1/2

[Event "Bundesliga 1920"]
[Site "Germany"]
[Date "2021.10.17"]
[Round "15.2"]
[White "Areshchenko, Alexander"]
[Black "Vandenbussche, Thibaut"]
[Result "1-0"]
[WhiteElo "2675"]
[BlackElo "2440"]
[PlyCount "81"]
[EventDate "2019.11.23"]
[EventType "team-tourn"]
[EventRounds "15"]
[EventCountry "GER"]
[SourceTitle "EXT 2022"]
[Source "ChessBase"]
[SourceDate "2021.10.06"]
[SourceVersion "1"]
[SourceVersionDate "2021.10.06"]
[SourceQuality "1"]
[WhiteTeam "Werder Bremen"]
[BlackTeam "Aachen"]
[WhiteTeamCountry "GER"]
[BlackTeamCountry "GER"]

1. e4 e6 2. d4 d5 3. Nc3 Bb4 4. e5 c5 5. a3 Ba5 6. b4 cxd4 7. Nb5 Bc7 8. f4 Bd7 9. Nf3 Bxb5 10. Bxb5+ Nd7 11. 0-0 Ne7 12. Kh1 a6 13. Bd3 Nb6 14. Nxd4 Nc4 15. c3 Bb6 16. Bb1 g6 17. g4 Nc6 18. Nxc6 bxc6 19. Ra2 Be3 20. Re2 Qb6 21. f5 gxf5 22. gxf5 0-0-0 23. Qe1 Bxc1 24. Qxc1 Kb8 25. Bd3 Rhg8 26. fxe6 fxe6 27. Qh6 Rg4 28. Qxe6 Rdg8 29. Ree1 Nd2 30. Qd6+ Qc7 31. Rf8+ Rxf8 32. Qxf8+ Kb7 33. e6 Rf4 34. e7 Nf3 35. Qd8 Nxe1 36. Qxc7+ Kxc7 37. e8Q Nxd3 38. Qe7+ Kc8 39. Qxh7 Nf2+ 40. Kg2 Ne4 41. Qh8+ 1-0